[Event "DEN-ch sf4"]
[Site "Svendborg"]
[Date "2024.03.29"]
[Round "2"]
[White "Christensen, Jorn Hviid"]
[Black "Horslund, Mikael"]
[Result "1-0"]
[WhiteElo "1985"]
[BlackElo "1839"]
[PlyCount "69"]
[EventDate "2024.03.29"]
[EventType "swiss"]
[EventRounds "7"]
[EventCountry "DEN"]
[SourceTitle "CB16_2024"]
[SourceDate "2024.04.17"]
[SourceVersion "1"]
[SourceVersionDate "2024.04.17"]
[SourceQuality "1"]

1. d4 d6 2. Nf3 Nf6 3. c4 g6 4. Nc3 Bg7 5. e4 0-0 6. Be2 Nc6 7. h3 a5 8. Be3 Ne8 9. Qd2 e5 10. d5 Ne7 11. Bh6 b6 12. h4 f6 13. 0-0-0 Kf7 14. Nh2 Rh8 15. h5 Bxh6 16. Qxh6 g5 17. Bg4 Bxg4 18. Nxg4 Ng8 19. g3 Nxh6 20. Nxh6+ Ke7 21. f4 gxf4 22. gxf4 Ng7 23. fxe5 fxe5 24. Rdg1 Nxh5 25. Rxh5 Qf8 26. Nf5+ Kd8 27. Rg7 Kc8 28. Nb5 Kb7 29. Rxc7+ Kb8 30. Rc6 Ra7 31. Rxb6+ Rb7 32. Rxd6 Rxb5 33. cxb5 Qc8+ 34. Rc6 Qf8 35. Rhh6 1-0

[Event "DEN-ch G5-2"]
[Site "Svendborg"]
[Date "2022.04.14"]
[Round "1"]
[White "Christensen, Jorn Hviid"]
[Black "Kiel, Jorgen"]
[Result "1/2-1/2"]
[WhiteElo "2055"]
[BlackElo "1826"]
[PlyCount "111"]
[EventDate "2022.04.14"]
[EventType "tourn"]
[EventRounds "5"]
[EventCountry "DEN"]
[SourceTitle "EXT 2024"]
[Source "ChessBase"]
[SourceDate "2023.10.10"]
[SourceVersion "1"]
[SourceVersionDate "2023.10.10"]
[SourceQuality "1"]

1. e4 d5 2. exd5 Qxd5 3. d4 Nf6 4. Nc3 Qd8 5. Nf3 Bf5 6. Bc4 e6 7. 0-0 Bd6 8. h3 c6 9. Re1 0-0 10. Bg5 h6 11. Be3 Qc7 12. Bd3 Bxd3 13. Qxd3 Nbd7 14. Rad1 Nd5 15. Nxd5 exd5 16. c4 dxc4 17. Qxc4 Nb6 18. Qc1 Nd5 19. Bd2 Rfe8 20. Nh4 Bf4 21. Nf5 Bxd2 22. Qxd2 Rad8 23. Qd3 Qd7 24. Re5 f6 25. Rxe8+ Rxe8 26. Ne3 Nf4 27. Qb3+ Nd5 28. Kf1 Qf7 29. Nxd5 cxd5 30. Rc1 b6 31. Qg3 Qe6 32. Kg1 Qe4 33. Rc7 Re7 34. Rc8+ Re8 35. Rxe8+ Qxe8 36. Kh2 Qe4 37. Qe3 Kf7 38. Qc3 Kg6 39. b4 h5 40. a4 h4 41. a5 Qf4+ 42. Kg1 Qe4 43. f3 Qf4 44. Kf2 Qg3+ 45. Kf1 Qf4 46. Qd3+ Kh6 47. Ke2 Qd6 48. Qb5 Kg5 49. axb6 axb6 50. Qa4 Qe6+ 51. Kf2 Qf5 52. Qc6 Kg6 53. Qxb6 Qc2+ 54. Kg1 Qc1+ 55. Kh2 Qf4+ 56. Kg1 1/2-1/2

[Event "DEN-ch G7-1"]
[Site "Svendborg"]
[Date "2019.04.22"]
[Round "7"]
[White "Ramkilde, Mikael"]
[Black "Christensen, Jorn Hviid"]
[Result "1-0"]
[WhiteElo "1949"]
[BlackElo "1983"]
[PlyCount "43"]
[EventDate "2019.04.16"]
[EventType "swiss"]
[EventRounds "7"]
[EventCountry "DEN"]
[SourceTitle "EXT 2020"]
[Source "ChessBase"]
[SourceDate "2019.10.17"]
[SourceVersion "1"]
[SourceVersionDate "2019.10.17"]
[SourceQuality "1"]

1. e4 c5 2. Nf3 e6 3. d4 cxd4 4. Nxd4 Qb6 5. Nb3 Nf6 6. Bd3 Nc6 7. Be3 Qc7 8. 0-0 Be7 9. Nc3 0-0 10. f4 d6 11. Qf3 Bd7 12. g4 Nb4 13. g5 Ne8 14. f5 Nxd3 15. cxd3 f6 16. g6 hxg6 17. fxg6 f5 18. Qh3 Nf6 19. Rf4 Be8 20. exf5 Bd8 21. Rh4 Qc5 22. Rh8# 1-0

[Event "DEN-ch G7-1"]
[Site "Svendborg"]
[Date "2019.04.17"]
[Round "2"]
[White "Christensen, Jorn Hviid"]
[Black "Sterup, Sebastian"]
[Result "1/2-1/2"]
[WhiteElo "1983"]
[BlackElo "2027"]
[PlyCount "75"]
[EventDate "2019.04.16"]
[EventType "swiss"]
[EventRounds "7"]
[EventCountry "DEN"]
[SourceTitle "EXT 2020"]
[Source "ChessBase"]
[SourceDate "2019.10.17"]
[SourceVersion "1"]
[SourceVersionDate "2019.10.17"]
[SourceQuality "1"]

1. d4 Nf6 2. Bf4 g6 3. e3 Bg7 4. Nf3 0-0 5. Be2 d6 6. 0-0 c5 7. c3 Qb6 8. Na3 Qxb2 9. Nb5 Na6 10. Bc4 Bf5 11. Bd3 Nh5 12. Bg5 Rfe8 13. Rb1 Qxa2 14. Bxf5 gxf5 15. Nh4 Nf6 16. Nxf5 Qd5 17. Bxf6 Qxf5 18. Bxg7 Kxg7 19. Qe2 Rg8 20. e4 Qf4 21. g3 Kh8 22. e5 dxe5 23. Qxe5+ Qxe5 24. dxe5 Rgd8 25. Rfd1 c4 26. Rxd8+ Rxd8 27. Nxa7 Rd3 28. Rxb7 Rxc3 29. Rxe7 Rc1+ 30. Kg2 c3 31. Re8+ Kg7 32. Rc8 c2 33. Rc4 Nb4 34. Nc6 Re1 35. Nxb4 c1Q 36. Rxc1 Rxc1 37. f4 Rc5 38. h3 1/2-1/2

[Event "DEN-ch G7-1"]
[Site "Svendborg"]
[Date "2018.03.30"]
[Round "4"]
[White "Jepsen, Thomas Tange"]
[Black "Christensen, Jorn Hviid"]
[Result "0-1"]
[WhiteElo "2077"]
[BlackElo "1959"]
[PlyCount "58"]
[EventDate "2018.03.27"]
[EventType "swiss"]
[EventRounds "7"]
[EventCountry "DEN"]
[SourceTitle "EXT 2019"]
[Source "ChessBase"]
[SourceDate "2018.10.10"]
[SourceVersion "1"]
[SourceVersionDate "2018.10.10"]
[SourceQuality "1"]

1. d4 c5 2. d5 Nf6 3. c4 b5 4. Nf3 Bb7 5. e3 e6 6. dxe6 fxe6 7. cxb5 Be7 8. Be2 0-0 9. 0-0 a6 10. Nc3 axb5 11. Nxb5 d5 12. b3 Ne4 13. Bb2 Bf6 14. Qc2 Nc6 15. a3 Rc8 16. Nd2 Bxb2 17. Qxb2 Nf6 18. Rac1 Qe7 19. Qc3 Nd8 20. f4 Nf7 21. b4 d4 22. exd4 Nd5 23. Qb3 cxb4 24. axb4 Rxc1 25. Rxc1 Nxf4 26. Bf1 Bxg2 27. Rc7 Qg5 28. Qg3 Bxf1 29. Kxf1 Qxb5+ 0-1

[Event "DEN-ch G7-1"]
[Site "Svendborg"]
[Date "2018.03.28"]
[Round "2"]
[White "Christensen, Jorn Hviid"]
[Black "Mortensen, Henrik"]
[Result "0-1"]
[WhiteElo "1959"]
[BlackElo "1939"]
[PlyCount "150"]
[EventDate "2018.03.27"]
[EventType "swiss"]
[EventRounds "7"]
[EventCountry "DEN"]
[SourceTitle "EXT 2019"]
[Source "ChessBase"]
[SourceDate "2018.10.10"]
[SourceVersion "1"]
[SourceVersionDate "2018.10.10"]
[SourceQuality "1"]

1. e4 Nf6 2. e5 Nd5 3. d4 d6 4. c4 Nb6 5. Nf3 Bg4 6. exd6 exd6 7. Be2 Be7 8. 0-0 0-0 9. Nc3 N8d7 10. b3 Nf6 11. Be3 d5 12. Ne5 Bxe2 13. Qxe2 c6 14. Qd3 Nbd7 15. cxd5 Nxd5 16. Nxd5 cxd5 17. Rac1 Nf6 18. Qb5 b6 19. Nc6 Qd7 20. Nxe7+ Qxe7 21. Bg5 Qe4 22. Bxf6 gxf6 23. Rc3 Qxd4 24. Rd3 a6 25. Rg3+ Kh8 26. Qd7 Rad8 27. Qf5 Qe5 28. Qd3 b5 29. Rh3 Qe4 30. Rd1 Rfe8 31. Re3 Qxd3 32. Rexd3 Re2 33. a4 bxa4 34. bxa4 Re4 35. Rd4 f5 36. f3 Rxd4 37. Rxd4 Kg7 38. Kf2 Kf6 39. Rb4 Rd6 40. Ke3 Ke6 41. a5 Rc6 42. Kd4 f4 43. Kd3 Ke5 44. g3 fxg3 45. hxg3 Rc5 46. Rb7 Rxa5 47. Rxf7 Ra3+ 48. Ke2 Kd4 49. Rf4+ Kc3 50. Ke3 Ra1 51. Rf7 d4+ 52. Kf2 d3 53. Rc7+ Kd2 54. f4 Rc1 55. Rxh7 Rc2 56. Kf3 Kc3 57. Rd7 Rc1 58. Rc7+ Kd2 59. Ra7 Kc2 60. Rc7+ Kd1 61. Ra7 d2 62. Rxa6 Rc3+ 63. Kf2 Kc2 64. Ra2+ Kd3 65. Ra8 d1Q 66. Rd8+ Kc2 67. Rxd1 Kxd1 68. f5 Kd2 69. g4 Kd3 70. Kf3 Kd4+ 71. Kf4 Kd5 72. Kg5 Ke5 73. Kg6 Rf3 74. Kf7 Rf4 75. Ke7 Ra4 0-1

[Event "DEN-ch G7-1"]
[Site "Skorping"]
[Date "2017.04.14"]
[Round "4"]
[White "Christensen, Jorn Hviid"]
[Black "Rasmussen, Morten Fredsgaard"]
[Result "1-0"]
[WhiteElo "1901"]
[BlackElo "1959"]
[PlyCount "63"]
[EventDate "2017.04.11"]
[EventType "swiss"]
[EventRounds "7"]
[EventCountry "DEN"]
[SourceTitle "EXT 2018"]
[Source "ChessBase"]
[SourceDate "2017.10.13"]
[SourceVersion "1"]
[SourceVersionDate "2017.10.13"]
[SourceQuality "1"]

1. d4 d5 2. c4 c6 3. cxd5 cxd5 4. Nc3 Nc6 5. Nf3 Nf6 6. Bf4 a6 7. e3 Qb6 8. Qd2 Bf5 9. Be2 e6 10. 0-0 Ne4 11. Nxe4 Bxe4 12. Rfc1 Bb4 13. Qd1 0-0 14. a3 Be7 15. b4 Rfc8 16. Nd2 g5 17. Bg3 Bg6 18. Nb3 a5 19. b5 a4 20. Nc5 Na7 21. Qxa4 Bxc5 22. dxc5 Rxc5 23. Be5 Rxc1+ 24. Rxc1 Qd8 25. Bb2 f6 26. h4 h6 27. hxg5 hxg5 28. Qg4 Bf5 29. Qd4 e5 30. Qc5 b6 31. Qc7 Qd7 32. Qxb6 1-0

[Event "DEN-ch G7-A"]
[Site "Skorping"]
[Date "2014.04.16"]
[Round "2"]
[White "Christensen, Jorn Hviid"]
[Black "Molvig, Henrik"]
[Result "0-1"]
[WhiteElo "1879"]
[BlackElo "2087"]
[PlyCount "64"]
[EventDate "2014.04.15"]
[EventType "swiss"]
[EventRounds "7"]
[EventCountry "DEN"]
[SourceTitle "EXT 2023"]
[Source "ChessBase"]
[SourceDate "2022.10.05"]
[SourceVersion "1"]
[SourceVersionDate "2022.10.05"]
[SourceQuality "1"]

1. e4 c5 2. Nf3 d6 3. d4 cxd4 4. Qxd4 a6 5. c4 Nc6 6. Qd2 g6 7. b3 Bg7 8. Nc3 Nf6 9. Bb2 0-0 10. Be2 Qa5 11. Nd5 Qxd2+ 12. Nxd2 Nxd5 13. Bxg7 Kxg7 14. exd5 Nb4 15. Kd1 a5 16. a3 Na6 17. b4 axb4 18. axb4 Bf5 19. g4 Nxb4 20. Rc1 Bd3 21. Bf3 Na2 22. Rc2 Bxc2+ 23. Kxc2 Nb4+ 24. Kc3 Na6 25. Re1 Rfe8 26. Ne4 Nc5 27. Nxc5 dxc5 28. Kb3 Kf8 29. Rb1 Reb8 30. Be2 Ra6 31. Kc2 Ra2+ 32. Kd3 Rba8 0-1

[Event "DEN-ch G7-B"]
[Site "Helsingor"]
[Date "2013.03.29"]
[Round "4"]
[White "Hansen, Henrik Damgaard"]
[Black "Christensen, Jorn Hviid"]
[Result "0-1"]
[WhiteElo "1801"]
[BlackElo "1967"]
[PlyCount "84"]
[EventDate "2013.03.26"]
[EventType "swiss"]
[EventRounds "7"]
[EventCountry "DEN"]
[SourceTitle "EXT 2023"]
[Source "ChessBase"]
[SourceDate "2022.10.05"]
[SourceVersion "1"]
[SourceVersionDate "2022.10.05"]
[SourceQuality "1"]

1. e4 d5 2. exd5 Qxd5 3. Nc3 Qa5 4. d4 Nf6 5. Bd2 c6 6. Bc4 Bg4 7. Nf3 e6 8. h3 Bh5 9. 0-0 Qc7 10. Re1 Be7 11. g4 Bg6 12. Ne5 Nbd7 13. Nxg6 hxg6 14. Qf3 0-0-0 15. Bf1 Bd6 16. Bg2 Nb6 17. Ne2 Nc4 18. Bc1 e5 19. Qb3 Nb6 20. dxe5 Bxe5 21. f4 Bd6 22. c4 Rhe8 23. Qc2 Bb4 24. Rf1 Bc5+ 25. Kh1 Rh8 26. f5 Nxg4 27. Bf4 Qe7 28. fxg6 fxg6 29. Qxg6 Qxe2 30. Qf5+ Nd7 31. Rf3 Rxh3+ 32. Rxh3 Nf2+ 33. Kh2 Nxh3 34. Qxh3 Qxb2 35. Rd1 g5 36. Rxd7 Rxd7 37. Bxg5 Qe5+ 38. Qg3 Qxg3+ 39. Kxg3 Rg7 40. Bh3+ Kc7 41. Kf4 Rf7+ 42. Bf5 Be3+ 0-1

[Event "DEN-ch G7-B"]
[Site "Helsingor"]
[Date "2013.03.26"]
[Round "1"]
[White "Christensen, Jorn Hviid"]
[Black "Jacobsen, Mikkel Manosri"]
[Result "1/2-1/2"]
[WhiteElo "1967"]
[BlackElo "1815"]
[PlyCount "116"]
[EventDate "2013.03.26"]
[EventType "swiss"]
[EventRounds "7"]
[EventCountry "DEN"]
[SourceTitle "EXT 2023"]
[Source "ChessBase"]
[SourceDate "2022.10.05"]
[SourceVersion "1"]
[SourceVersionDate "2022.10.05"]
[SourceQuality "1"]

1. e4 c6 2. d4 d5 3. e5 Bf5 4. Nc3 e6 5. g4 Bg6 6. Nge2 Ne7 7. h4 h5 8. Nf4 hxg4 9. Nxg6 Nxg6 10. h5 c5 11. Qxg4 cxd4 12. Qxd4 Nc6 13. Bb5 Qc7 14. f4 Be7 15. Qg1 Bh4+ 16. Kf1 Rxh5 17. Bd3 Ngxe5 18. Be2 Rh7 19. fxe5 Qxe5 20. Qg4 Qf6+ 21. Qf3 Qxf3+ 22. Bxf3 Nd4 23. Bd1 Kd7 24. Be3 Nf5 25. Bf2 Rah8 26. Bg4 Bxf2 27. Rxh7 Ne3+ 28. Kxf2 Nxg4+ 29. Kg3 Rxh7 30. Kxg4 Rh2 31. Rc1 f6 32. Nb1 g5 33. Na3 Rh4+ 34. Kf3 f5 35. Re1 a6 36. Rg1 Rh3+ 37. Kg2 g4 38. Rd1 b5 39. c4 Kc6 40. cxb5+ axb5 41. Re1 b4 42. Nc2 Kd6 43. Nxb4 e5 44. Rd1 d4 45. a4 Rb3 46. Nd3 e4 47. Nc1 Rxb2+ 48. Kg3 Ke5 49. a5 Rb4 50. Re1 Ra4 51. Nd3+ Kf6 52. Nc5 Rxa5 53. Nxe4+ Kg6 54. Nd6 Ra3+ 55. Kg2 Re3 56. Rf1 Re2+ 57. Kg3 d3 58. Rxf5 d2 1/2-1/2

[Event "DEN-ch G7-1"]
[Site "Helsingor"]
[Date "2012.04.04"]
[Round "2"]
[White "Poulsen, Peter Risgaard"]
[Black "Christensen, Jorn Hviid"]
[Result "0-1"]
[WhiteElo "1944"]
[BlackElo "1922"]
[PlyCount "92"]
[EventDate "2012.04.03"]
[EventType "swiss"]
[EventRounds "7"]
[EventCountry "DEN"]
[SourceTitle "EXT 2018"]
[Source "ChessBase"]
[SourceDate "2017.10.13"]
[SourceVersion "1"]
[SourceVersionDate "2017.10.13"]
[SourceQuality "1"]

1. d4 d5 2. Bf4 Nf6 3. e3 e6 4. Nf3 Bd6 5. Ne5 a6 6. Bd3 c5 7. c3 Nc6 8. Bg3 Qc7 9. f4 Na5 10. Nd2 b5 11. Qf3 Rb8 12. 0-0 Nc4 13. Nb3 Nxb2 14. dxc5 Bxc5 15. Rac1 Bb7 16. Nd4 Nxd3 17. Nxd3 Bd6 18. Bh4 Be7 19. f5 e5 20. Nxe5 Ne4 21. Bg3 Nxg3 22. Qxg3 Bd6 23. Qxg7 Bxe5 24. f6 Rf8 25. Qxh7 Qd6 26. Rf5 Bc8 27. Rf3 Bg4 28. Rf2 Bxf6 29. Rcf1 Rh8 30. Rxf6 Qxf6 31. Rxf6 Rxh7 32. Rxa6 b4 33. Nc6 Rc8 34. Nxb4 Be6 35. Nc6 Rh4 36. Nd4 Rxc3 37. Kf2 Rxh2 38. Kg3 Rh6 39. Kf4 Rf6+ 40. Ke5 Rg6 41. Nb5 Rxe3+ 42. Kd4 Re4+ 43. Kd3 Rg3+ 44. Kd2 Rxg2+ 45. Kd3 Rg3+ 46. Kd2 Rh4 0-1

[Event "DEN-ch G7-1"]
[Site "Helsingor"]
[Date "2012.04.03"]
[Round "1"]
[White "Christensen, Jorn Hviid"]
[Black "Bruun, Henrik Emil"]
[Result "0-1"]
[WhiteElo "1922"]
[BlackElo "2047"]
[PlyCount "46"]
[EventDate "2012.04.03"]
[EventType "swiss"]
[EventRounds "7"]
[EventCountry "DEN"]
[SourceTitle "EXT 2018"]
[Source "ChessBase"]
[SourceDate "2017.10.13"]
[SourceVersion "1"]
[SourceVersionDate "2017.10.13"]
[SourceQuality "1"]

1. e4 d6 2. d4 g6 3. Nc3 Bg7 4. Nf3 Nf6 5. Bg5 0-0 6. Bd3 Na6 7. Qd2 c5 8. Bxa6 cxd4 9. Bxf6 dxc3 10. Bxc3 Bxc3 11. Qxc3 bxa6 12. 0-0 Bb7 13. Qd3 Qb6 14. b3 Rac8 15. c4 a5 16. a3 a4 17. b4 f5 18. Ng5 h6 19. c5 dxc5 20. Qc4+ Kh8 21. Nf7+ Kh7 22. Ne5 cxb4 23. Nd7 Rxc4 0-1